| 000 | 00441nam a22001811a 4500 | ||
|---|---|---|---|
| 001 | 7389 | ||
| 003 | OSt | ||
| 005 | 20260204212129.0 | ||
| 008 | 071117s2003||||ag ||||||b||||||||||spa|| | ||
| 020 | _a9505375972 | ||
| 050 | _a630 M366a | ||
| 100 | _aMartines, Luis Alberto | ||
| 245 | _aAgro management / Luis Alberto Martines | ||
| 264 | _aArgentina : Macchi | ||
| 300 | _a241 p | ||
| 650 | _aAdministración AgrícolaÌ | ||
| 942 |
_2ddc _cBK |
||
| 999 |
_c7389 _d7389 |
||